[Event "Turkey IS Bank Super League 2017"]
[Site "Darica-Kocaeli"]
[Date "2017.08.05"]
[Round "12"]
[White "Karagollu, Ahmet"]
[Black "Kiremitciyan, Ari"]
[Result "1/2-1/2"]
[WhiteElo "2083"]
[BlackElo "2240"]
[Annotator "NA"]
[PlyCount "121"]
[EventType "team-tourn"]
[EventCountry "TUR"]
[SourceTitle "playchess.com"]
[Source "ChessBase"]
[SourceQuality "1"]
[TimeControl "40/5400+30:1800+30"]

1. e4 {[%emt 0:00:30]} d5 {[%emt 0:01:00]} 2. exd5 {[%emt 0:00:30]} Qxd5 {[%emt 0:00:30]} 3. Nc3 {[%emt 0:00:30]} Qd8 {[%emt 0:00:00]} 4. d4 {[%emt 0:01:30]} Nf6 {[%emt 0:00:00]} 5. Bf4 {[%emt 0:00:30]} c6 {[%emt 0:02:30] B01: Scandinavian Defence} (5... g6 6. Qd2 Bg7 7. O-O-O Nd5 8. Be5 f6 9. Bg3 c6 10. Kb1 Be6 11. Nge2 Nd7 12. Nxd5 cxd5 13. Nf4 {½-½ (43) Kasimdzhanov,R (2702)-McDonald,N (2415) London 2015}) 6. Nf3 {[%emt 0:00:30]} Bg4 {[%emt 0:00:30]} 7. Qd2 $146 {[%emt 0:00:00]} ({Predecessor:} 7. Be2 e6 8. O-O Bxf3 9. Bxf3 Bd6 10. Qd2 O-O 11. Rad1 Bxf4 12. Qxf4 Nbd7 13. Rfe1 {1-0 (46) Lacruz Algarate,A (2186)-Garcia Albarracin,F (2347) Almazan 2017}) 7... Bxf3 {[%emt 0:05:30]} 8. gxf3 {[%emt 0:00:00]} e6 {[%emt 0:02:30]} 9. Rg1 {[%emt 0:00:30]} Nh5 {[%emt 0:06:30]} 10. Bg5 {[%emt 0:04:30]} Qc7 {[%emt 0:08:30]} 11. O-O-O {[%emt 0:03:30]} h6 {[%emt 0:01:30]} 12. Be3 {[%emt 0:08:30]} Nd7 {[%emt 0:01:30]} 13. f4 {[%emt 0:11:30]} g6 {[%emt 0:04:30]} 14. d5 {[%emt 0:03:30]} exd5 {[%emt 0:06:30]} 15. Bd4 {[%emt 0:01:30]} (15. f5 $11 {remains equal.}) 15... Rg8 {[%emt 0:03:30]} (15... Bg7 $1 $15 16. Bxg7 Nxg7) 16. Re1+ {[%emt 0:03:30]} Kd8 {[%emt 0:00:30]} 17. Bh3 {[%emt 0:13:30] [%clk 0:44]} Bd6 {[%emt 0:05:30]} 18. Be5 {[%emt 0:01:30]} Re8 {[%emt 0:21:30]} 19. Bxd7 {[%emt 0:07:30]} Qxd7 {[%emt 0:03:30]} 20. Bxd6 {[%emt 0:09:30]} Rxe1+ {[%emt 0:05:27]} 21. Rxe1 {[%emt 0:00:30]} Qxd6 {[%emt 0:00:30]} 22. f5 {[%emt 0:00:30]} Qf4 {[%emt 0:02:45]} (22... gxf5 $17 23. Ne2 Kd7) 23. fxg6 {[%emt 0:00:30]} Qxd2+ {[%emt 0:03:45]} 24. Kxd2 {[%emt 0:00:00]} fxg6 {[%emt 0:00:23]} 25. Re6 {[%emt 0:00:00]} Kd7 {[%emt 0:00:11]} 26. Rxg6 {[%emt 0:01:30]} Rf8 {[%emt 0:00:18]} 27. Nd1 {[%emt 0:02:30]} Rf6 {[%emt 0:00:20]} 28. Rxf6 {[%emt 0:01:30]} Nxf6 {[%emt 0:00:04]} 29. f3 {[%emt 0:00:00]} Ke6 {[%emt 0:02:22]} 30. Nf2 {[%emt 0:02:00]} Kf5 {[%emt 0:02:34]} 31. Ke3 {[%emt 0:01:30]} h5 {[%emt 0:03:35]} 32. Nd3 {[%emt 0:00:30]} b6 {[%emt 0:00:38]} 33. b4 {[%emt 0:02:30]} Nd7 {[%emt 0:01:38]} 34. Kd4 {[%emt 0:00:30]} Nf8 {[%emt 0:00:15]} 35. Ke3 {[%emt 0:01:07]} Ne6 {[%emt 0:00:13]} 36. c3 {[%emt 0:02:56]} Kg5 {[%emt 0:00:58]} 37. Ne5 {[%emt 0:01:06]} Nd8 {[%emt 0:03:08]} 38. f4+ {[%emt 0:07:19]} Kf5 {[%emt 0:00:39]} 39. Nf3 {[%emt 0:00:20]} c5 {[%emt 0:01:10]} 40. bxc5 {[%emt 0:00:00]} bxc5 {[%emt 0:30:17]} 41. h3 {[%emt 0:01:42]} Nc6 {[%emt 0:00:00]} 42. Nh4+ {[%emt 0:00:00]} Kf6 {[%emt 0:00:00]} 43. Nf3 {[%emt 0:01:00]} a6 {[%emt 0:00:00]} 44. Nd2 {[%emt 0:02:30]} Na5 {[%emt 0:00:00]} 45. Kf3 {[%emt 0:02:30]} Nc6 {[%emt 0:00:00]} 46. Nb3 {[%emt 0:01:30]} c4 {[%emt 0:00:00]} 47. Nd2 {[%emt 0:01:30]} (47. Nc5 $5 {[%cal Rc5a6]}) 47... d4 {[%emt 0:00:00]} 48. cxd4 {[%emt 0:03:30]} Nxd4+ {[%emt 0:00:00]} 49. Kf2 {[%emt 0:00:30]} Kf5 {[%emt 0:00:00]} 50. Nxc4 {[%emt 0:00:30]} Kxf4 {[%emt 0:00:00]} 51. a4 {[%emt 0:01:30]} Ke4 {[%emt 0:00:00]} 52. Nb6 {[%emt 0:01:30]} h4 {[%emt 0:00:00]} 53. Nd7 {[%emt 0:01:30]} Kd5 $11 {[%emt 0:00:00]} 54. Ke3 {[%emt 0:02:30]} Ne6 {[%emt 0:00:00]} 55. a5 {[%emt 0:02:30]} Kc6 {[%emt 0:00:00]} 56. Nb8+ {[%emt 0:00:30]} Kb5 {[%emt 0:00:00]} 57. Kf3 {[%emt 0:00:00]} Ng5+ {[%emt 0:00:00]} 58. Kg4 {[%emt 0:00:00]} Nxh3 {[%emt 0:00:00]} 59. Kxh3 {[%emt 0:00:30]} Kxa5 {[%emt 0:00:00]} 60. Nxa6 {[%emt 0:00:30]} Kxa6 {[%emt 0:00:00]} 61. Kxh4 {[%emt 0:00:00]} 1/2-1/2

[Event "Turkey IS Bank Super League 2017"]
[Site "Darica-Kocaeli"]
[Date "2017.08.05"]
[Round "12"]
[White "Ozbay, Ece"]
[Black "Onur, Cigdem"]
[Result "0-1"]
[WhiteElo "1970"]
[BlackElo "1699"]
[Annotator "NA"]
[PlyCount "110"]
[EventType "team-tourn"]
[EventCountry "TUR"]
[SourceTitle "playchess.com"]
[Source "ChessBase"]
[SourceQuality "1"]
[TimeControl "40/5400+30:1800+30"]

1. e4 {[%emt 0:00:30]} c5 {[%emt 0:01:00]} 2. Nf3 {[%emt 0:00:30]} Nc6 {[%emt 0:00:30]} 3. Bb5 {[%emt 0:00:30]} e6 {[%emt 0:00:30]} 4. O-O {[%emt 0:00:30]} Nge7 {[%emt 0:00:00]} 5. Re1 {[%emt 0:00:00]} Nd4 {[%emt 0:00:00]} 6. Nc3 {[%emt 0:03:00]} a6 {[%emt 0:04:30] B30: Sicilian: 2...Nc6 3 Bb5, lines without ...g6} 7. Bf1 {[%emt 0:00:30]} Nec6 {[%emt 0:02:30]} (7... Nxf3+ 8. Qxf3 Nc6 9. d3 d6 10. Qd1 g6 11. Be3 Bg7 12. Qd2 {½-½ (59) Andreikin,D (2723)-Cherniaev,A (2460) Moscow 2012}) 8. Nxd4 {[%emt 0:14:30]} cxd4 {[%emt 0:05:30]} 9. Ne2 {[%emt 0:00:30]} Bc5 {[%emt 0:01:30]} 10. d3 {[%emt 0:07:30]} O-O $146 {[%emt 0:04:30]} ({Predecessor:} 10... d5 11. Nf4 dxe4 12. Rxe4 Bd6 13. Nh5 g5 14. Qg4 {½-½ (39) Kvisla,J (2123)-Bozzao,F (1941) Arco 2005}) 11. Ng3 {[%emt 0:04:30]} d5 {[%emt 0:21:30]} 12. e5 {[%emt 0:04:30]} (12. exd5 $11 exd5 13. a3) 12... f6 {[%emt 0:01:30]} 13. f4 {[%emt 0:03:30]} fxe5 {[%emt 0:13:30]} 14. fxe5 {[%emt 0:00:30] [%clk 0:53]} Qh4 {[%emt 0:01:30]} 15. Qd2 {[%emt 0:11:30] [#]} (15. Qh5 $17 Qxh5 16. Nxh5) 15... Bb4 $1 {[%emt 0:07:30]} 16. c3 {[%emt 0:02:30]} dxc3 {[%emt 0:20:08]} 17. bxc3 {[%emt 0:01:30]} Bc5+ {[%emt 0:00:10]} 18. d4 {[%emt 0:04:30]} Nxd4 {[%emt 0:00:30]} 19. cxd4 {[%emt 0:00:30]} Bxd4+ {[%emt 0:00:30]} 20. Kh1 {[%emt 0:00:00]} Bf2 {[%emt 0:02:42]} 21. Qg5 {[%emt 0:01:00]} Bxe1 {[%emt 0:04:32]} 22. Qxh4 {[%emt 0:04:30]} Rxf1+ {[%emt 0:00:30]} 23. Nxf1 {[%emt 0:00:30]} Bxh4 {[%emt 0:00:00]} 24. Ba3 {[%emt 0:00:30]} Bd7 {[%emt 0:00:46]} 25. g3 {[%emt 0:01:30]} Bd8 {[%emt 0:00:58]} 26. Nd2 {[%emt 0:00:30]} Bc7 {[%emt 0:02:43]} 27. Nf3 {[%emt 0:02:30]} Bc6 {[%emt 0:00:11]} 28. Kg1 {[%emt 0:02:30]} h6 {[%emt 0:02:06]} 29. Rc1 {[%emt 0:00:30]} Rc8 {[%emt 0:00:33]} 30. Bc5 {[%emt 0:03:30]} Bb5 {[%emt 0:01:37]} 31. Be3 {[%emt 0:02:30]} Bc4 {[%emt 0:00:36]} 32. Nd4 {[%emt 0:03:30]} Kf7 {[%emt 0:01:24]} 33. Rb1 {[%emt 0:02:11]} b5 {[%emt 0:00:30]} 34. Nc6 {[%emt 0:00:00]} Ke8 $19 {[%emt 0:00:27]} 35. Bd4 {[%emt 0:13:43]} Kd7 {[%emt 0:00:12]} 36. Nb4 {[%emt 0:00:13]} Ra8 {[%emt 0:00:43]} 37. Rb2 {[%emt 0:01:03]} a5 {[%emt 0:00:34]} 38. Nc2 {[%emt 0:00:11]} Kc6 {[%emt 0:00:16]} 39. Kf2 {[%emt 0:03:24]} Rf8+ {[%emt 0:00:54]} 40. Ke3 {[%emt 0:00:30]} Rf5 {[%emt 0:00:58]} 41. g4 {[%emt 0:03:15]} Rf1 {[%emt 0:06:30]} 42. a3 {[%emt 0:03:30]} g5 {[%emt 0:05:20]} 43. Kd2 {[%emt 0:06:30]} Rf4 {[%emt 0:05:22]} 44. Bc3 {[%emt 0:07:44]} Rxg4 {[%emt 0:06:26]} 45. Nd4+ {[%emt 0:02:21]} Kd7 {[%emt 0:00:11]} 46. Ke1 {[%emt 0:02:14]} Bxe5 {[%emt 0:04:57]} 47. Nxb5 {[%emt 0:01:10]} Rg1+ {[%emt 0:02:18]} 48. Kf2 {[%emt 0:00:54]} Rf1+ {[%emt 0:00:07]} 49. Kg2 {[%emt 0:00:27]} Bxc3 {[%emt 0:01:06]} 50. Nxc3 {[%emt 0:00:02]} Rc1 {[%emt 0:01:38]} 51. Na4 {[%emt 0:00:31]} Kd6 {[%emt 0:00:56]} 52. Rb6+ {[%emt 0:01:09]} Ke5 {[%emt 0:00:17]} 53. Kg3 {[%emt 0:02:42]} d4 {[%emt 0:00:21]} 54. Nc5 {[%emt 0:00:05]} Rc3+ {[%emt 0:00:30]} 55. Kf2 {[%emt 0:00:12]} Rxa3 {[%emt 0:00:43]} 0-1

[Event "Turkey IS Bank Super League 2017"]
[Site "Darica-Kocaeli"]
[Date "2017.08.05"]
[Round "12"]
[White "Duran, Esma Doga"]
[Black "Avramidou, Anastasia"]
[Result "1/2-1/2"]
[WhiteElo "1939"]
[BlackElo "2247"]
[Annotator "NA"]
[PlyCount "135"]
[EventType "team-tourn"]
[EventCountry "TUR"]
[SourceTitle "playchess.com"]
[Source "ChessBase"]
[SourceQuality "1"]
[TimeControl "40/5400+30:1800+30"]

1. d4 {[%emt 0:00:30]} Nf6 {[%emt 0:01:00]} 2. c4 {[%emt 0:00:30]} e6 {[%emt 0:00:30]} 3. Nf3 {[%emt 0:00:30]} b6 {[%emt 0:00:30]} 4. Nc3 {[%emt 0:00:30]} Bb4 {[%emt 0:00:00]} 5. Bg5 {[%emt 0:00:00]} Bb7 {[%emt 0:02:00]} 6. e3 {[%emt 0:00:00]} h6 {[%emt 0:00:30]} 7. Bh4 {[%emt 0:00:00]} g5 {[%emt 0:04:30]} 8. Bg3 {[%emt 0:00:00]} Ne4 {[%emt 0:00:30]} 9. Qc2 {[%emt 0:00:00]} Bxc3+ {[%emt 0:00:30]} 10. bxc3 {[%emt 0:00:00]} Nxg3 {[%emt 0:00:30]} 11. hxg3 {[%emt 0:00:30]} Bxf3 {[%emt 0:01:30] E13: Queen's Indian/Nimzo-Indian hybrid: 4 Nc3 Bb7 5 Bg5 h6 6 Bh4 Bb4} (11... h5 12. a4 Nc6 13. Nd2 g4 14. Nb3 Qg5 15. a5 Nxa5 16. Nxa5 bxa5 17. e4 f5 18. Bd3 fxe4 19. Bxe4 Bxe4 20. Qxe4 {½-½ (74) Moiseenko,A (2701)-Kryvoruchko,Y (2706) Lvov 2014}) 12. gxf3 {[%emt 0:00:30]} Nc6 $146 {[%emt 0:00:00]} ({Predecessor:} 12... d5 13. e4 dxc4 14. Bxc4 c5 15. Bb5+ Nd7 16. Rd1 a6 17. Bc6 Ra7 18. d5 e5 19. Qd2 {½-½ (49) Dutra,L (1586)-Guedes Germando,J Sao Paulo 2016}) 13. Bd3 {[%emt 0:01:30]} Qe7 {[%emt 0:04:00]} 14. Kf1 {[%emt 0:12:30]} Na5 {[%emt 0:06:30]} (14... h5 $14) 15. Kg2 {[%emt 0:14:30]} (15. Rh5 $16) 15... c5 {[%emt 0:06:30]} (15... h5 $11) 16. Qe2 {[%emt 0:14:30]} (16. Be2 $16) 16... e5 {[%emt 0:17:30]} (16... h5 $14) 17. Be4 {[%emt 0:07:30] [%clk 0:45]} Rc8 {[%emt 0:05:30] [#]} 18. Rac1 {[%emt 0:01:30]} (18. dxe5 $1 $18 Qxe5 19. Qd3) 18... d6 {[%emt 0:19:30]} 19. Qd1 {[%emt 0:23:30]} ({White should play} 19. dxe5 $18 dxe5 20. Rh5) 19... Kf8 {[%emt 0:02:30]} 20. Qa4 {[%emt 0:02:47]} Kg7 {[%emt 0:00:30]} 21. g4 {[%emt 0:00:31]} Qe8 {[%emt 0:07:27]} 22. Qxe8 {[%emt 0:05:02]} Rhxe8 {[%emt 0:00:10]} 23. dxe5 {[%emt 0:02:12]} Nxc4 {[%emt 0:05:09]} 24. exd6 {[%emt 0:00:30]} Nxd6 {[%emt 0:00:30]} 25. Bd5 {[%emt 0:00:17]} c4 {[%emt 0:00:42]} 26. Kg3 {[%emt 0:05:00]} Rc5 {[%emt 0:02:04]} 27. Rhd1 {[%emt 0:00:01]} Kf6 {[%emt 0:07:14]} 28. f4 {[%emt 0:01:10]} gxf4+ {[%emt 0:01:58]} 29. Kxf4 {[%emt 0:00:03]} Nb5 {[%emt 0:00:01]} 30. Bg2 {[%emt 0:03:27]} Nc7 {[%emt 0:02:10]} 31. Rd6+ {[%emt 0:00:49]} Ne6+ {[%emt 0:00:05]} 32. Kg3 {[%emt 0:00:11]} h5 {[%emt 0:00:52]} 33. f4 {[%emt 0:01:56]} hxg4 {[%emt 0:02:01]} 34. Kxg4 {[%emt 0:00:30]} Rg8+ {[%emt 0:00:30]} 35. Kf3 {[%emt 0:00:30]} Ra5 {[%emt 0:00:30]} 36. Rc2 {[%emt 0:00:30]} Ke7 {[%emt 0:00:30]} 37. Rcd2 {[%emt 0:01:05]} Rd8 {[%emt 0:01:51]} 38. Rxd8 {[%emt 0:00:30]} Nxd8 {[%emt 0:00:00]} 39. Bh3 {[%emt 0:02:02]} Ra3 {[%emt 0:00:19]} 40. Rd7+ {[%emt 0:00:30]} Ke8 {[%emt 0:00:57]} 41. Rc7 {[%emt 0:03:27]} Rxc3 {[%emt 0:00:30]} 42. Rxa7 {[%emt 0:00:30]} Kf8 {[%emt 0:15:14]} 43. Ra8 {[%emt 0:03:30]} Ke7 {[%emt 0:01:00]} 44. Ra7+ {[%emt 0:00:00]} Kf8 {[%emt 0:00:20]} 45. Ra8 {[%emt 0:00:00]} Ke8 {[%emt 0:01:38]} 46. Rb8 {[%emt 0:09:26]} Rc1 {[%emt 0:01:14]} 47. Bf5 {[%emt 0:09:33]} ({Much worse is} 47. Rxb6 c3 $17) 47... c3 {[%emt 0:06:12]} 48. Ke2 {[%emt 0:01:46]} Ra1 {[%emt 0:00:04]} 49. Rxb6 {[%emt 0:01:19]} Rxa2+ {[%emt 0:00:03]} 50. Kd1 {[%emt 0:00:40]} Rd2+ {[%emt 0:01:15]} 51. Ke1 {[%emt 0:02:36]} Rg2 {[%emt 0:00:05]} 52. Rb3 {[%emt 0:01:57]} Rg1+ {[%emt 0:03:51]} 53. Ke2 {[%emt 0:00:30]} Rc1 {[%emt 0:00:03]} 54. Kd3 {[%emt 0:00:18]} Nc6 {[%emt 0:01:25]} 55. Rxc3 {[%emt 0:00:32]} Rd1+ {[%emt 0:00:44]} 56. Ke4 {[%emt 0:01:15]} Ne7 {[%emt 0:01:07]} 57. Bg4 {[%emt 0:00:30]} Rd6 {[%emt 0:01:15]} 58. f5 {[%emt 0:01:01]} Nd5 {[%emt 0:01:39]} 59. Rc8+ {[%emt 0:00:36]} Ke7 {[%emt 0:00:11]} 60. Rc5 {[%emt 0:00:39]} Nf6+ {[%emt 0:00:57]} 61. Kf4 {[%emt 0:00:12]} Nd5+ $14 {[%emt 0:01:34]} 62. Ke4 {[%emt 0:00:01]} Nf6+ {[%emt 0:00:07]} 63. Kf4 {[%emt 0:00:09]} Nd5+ {[%emt 0:00:06]} 64. Ke4 {[%emt 0:00:44]} Nf6+ {[%emt 0:00:05]} 65. Kf4 {[%emt 0:01:43]} Nd5+ {[%emt 0:00:06]} 66. Ke4 {[%emt 0:00:28]} Nf6+ {[%emt 0:00:06]} 67. Kf4 {[%emt 0:00:30]} Nd5+ {[%emt 0:00:06]} 68. Ke4 {[%emt 0:00:39]} 1/2-1/2

[Event "Turkey IS Bank Super League 2017"]
[Site "Darica-Kocaeli"]
[Date "2017.08.05"]
[Round "12"]
[White "Yassibag, Ipek Asli"]
[Black "Ayazmali, Gizem"]
[Result "1-0"]
[WhiteElo "1880"]
[BlackElo "1849"]
[Annotator "NA"]
[PlyCount "75"]
[EventType "team-tourn"]
[EventCountry "TUR"]
[SourceTitle "playchess.com"]
[Source "ChessBase"]
[SourceQuality "1"]
[TimeControl "40/5400+30:1800+30"]

1. e4 {[%emt 0:00:30]} e5 {[%emt 0:01:00]} 2. Nf3 {[%emt 0:00:30]} Nc6 {[%emt 0:00:30]} 3. Bc4 {[%emt 0:00:30]} g6 {[%emt 0:00:00]} 4. d3 {[%emt 0:01:30]} Bg7 {[%emt 0:01:00]} 5. Nc3 {[%emt 0:00:30]} h6 {[%emt 0:07:30]} 6. Be3 {[%emt 0:02:30] C46: 3 Nc3: Unusual Black 3rd moves} (6. a3 Nge7 7. O-O d6 8. h3 O-O 9. Nh2 Kh7 10. Ba2 f5 11. Nd5 Nxd5 12. Bxd5 Ne7 13. Bb3 c6 {0-1 (28) Salih,A (2284)-Cornette,M (2566) Doha 2014}) 6... Na5 {[%emt 0:02:30]} 7. Bb3 {[%emt 0:01:30]} Nxb3 {[%emt 0:04:30]} 8. axb3 {[%emt 0:00:00]} a6 $146 {[%emt 0:06:30]} ({Predecessor:} 8... d6 9. Qd2 c5 10. b4 cxb4 11. Nd5 Be6 12. Bb6 axb6 13. Rxa8 Qxa8 {1-0 (22) Kloke,S (2112)-Wiechen,U (2171) Germany 2006}) 9. d4 {[%emt 0:04:00]} Ne7 {[%emt 0:28:30]} (9... f6 $14) 10. Nxe5 {[%emt 0:06:30]} (10. dxe5 $18 Nc6 11. O-O) 10... d6 {[%emt 0:06:30]} 11. Nf3 {[%emt 0:02:30]} d5 {[%emt 0:07:30]} 12. Nxd5 {[%emt 0:06:30]} Nxd5 {[%emt 0:00:30]} 13. exd5 {[%emt 0:00:30]} Qxd5 {[%emt 0:00:00]} 14. c4 {[%emt 0:01:30]} Qd6 {[%emt 0:02:00]} 15. O-O {[%emt 0:01:30]} O-O {[%emt 0:00:30] [%clk 0:27]} 16. Qd2 {[%emt 0:01:30]} g5 {[%emt 0:05:30]} 17. d5 {[%emt 0:06:30]} c5 {[%emt 0:14:19]} 18. b4 {[%emt 0:13:30]} cxb4 {[%emt 0:04:24]} 19. Ra5 {[%emt 0:06:30]} Rd8 {[%emt 0:01:32]} 20. Bc5 {[%emt 0:01:30]} Qg6 {[%emt 0:02:09]} 21. Bxb4 $16 {[%emt 0:02:30]} Bg4 {[%emt 0:00:39]} 22. Nd4 {[%emt 0:02:30]} Rac8 {[%emt 0:00:51]} 23. b3 {[%emt 0:00:30]} Bf5 {[%emt 0:01:38]} 24. Nxf5 {[%emt 0:03:30]} Qxf5 {[%emt 0:00:02]} 25. d6 {[%emt 0:02:30]} Qd7 {[%emt 0:00:13]} 26. c5 {[%emt 0:04:30]} Re8 {[%emt 0:01:05]} 27. Ra2 {[%emt 0:02:30]} Re4 {[%emt 0:00:46]} 28. Ba3 {[%emt 0:18:21]} Rd4 {[%emt 0:00:52]} 29. Qa5 {[%emt 0:02:36]} Rd3 {[%emt 0:00:51]} 30. Re2 {[%emt 0:02:58]} Bf6 {[%emt 0:00:49]} 31. Qb4 {[%emt 0:00:30]} Rd4 {[%emt 0:00:30]} 32. Qb6 {[%emt 0:02:00]} Rc6 {[%emt 0:00:31]} 33. Qa7 {[%emt 0:00:22]} Rd3 {[%emt 0:01:08]} 34. Bb2 {[%emt 0:00:37]} Bd8 {[%emt 0:00:19]} 35. b4 {[%emt 0:00:31]} a5 {[%emt 0:00:39]} 36. b5 {[%emt 0:00:30]} Rc8 {[%emt 0:00:30]} 37. c6 {[%emt 0:00:21]} Qxd6 {[%emt 0:00:00]} 38. cxb7 {[%emt 0:00:15]} 1-0

[Event "Turkey IS Bank Super League 2017"]
[Site "Darica-Kocaeli"]
[Date "2017.08.05"]
[Round "12"]
[White "Ayan, Bengu Sena"]
[Black "Kargaci, Humeyra"]
[Result "0-1"]
[WhiteElo "1862"]
[BlackElo "1737"]
[Annotator "NA"]
[PlyCount "104"]
[EventType "team-tourn"]
[EventCountry "TUR"]
[SourceTitle "playchess.com"]
[Source "ChessBase"]
[SourceQuality "1"]
[TimeControl "40/5400+30:1800+30"]

1. d4 {[%emt 0:00:30]} Nf6 {[%emt 0:01:00]} 2. c4 {[%emt 0:00:30]} g6 {[%emt 0:00:30]} 3. f3 {[%emt 0:00:30]} d5 {[%emt 0:07:30]} 4. cxd5 {[%emt 0:00:00]} Nxd5 {[%emt 0:00:30]} 5. e4 {[%emt 0:00:00]} Nb6 {[%emt 0:00:30]} 6. Nc3 {[%emt 0:00:30]} Bg7 {[%emt 0:00:30]} 7. Be3 {[%emt 0:00:30]} c6 {[%emt 0:03:30] D70: Grünfeld: Unusual White 3rd moves (met by ...d5)} (7... O-O 8. Qd2 Nc6 9. O-O-O Qd6 10. Kb1 Rd8 11. Nb5 Qd7 12. d5 a6 13. Nc3 Qe8 14. Qc1 Na5 15. h4 e6 16. Bf4 Rd7 17. Bh6 Bxh6 18. Qxh6 exd5 {½-½ (35) Aronian,L (2809)-Svidler,P (2749) Geneve 2017}) 8. Qd2 {[%emt 0:02:30]} Be6 {[%emt 0:01:30]} 9. b3 {[%emt 0:14:30]} N8d7 $146 {[%emt 0:17:30]} ({Predecessor:} 9... a5 10. Rd1 a4 11. d5 cxd5 12. exd5 Bd7 13. Ne4 axb3 14. axb3 Bf5 15. Ng3 {0-1 (36) Severino,S (2349)-Liu,X (2423) Olongapo City 2015}) 10. Nge2 {[%emt 0:05:30]} h5 {[%emt 0:07:30]} 11. Nf4 {[%emt 0:10:30]} Nf8 {[%emt 0:00:30]} 12. Rc1 {[%emt 0:01:30]} Qd6 {[%emt 0:05:30] [%clk 0:47]} 13. d5 {[%emt 0:16:30]} Bd7 {[%emt 0:04:30]} 14. Bc4 {[%emt 0:03:30]} Nxc4 {[%emt 0:10:30]} 15. bxc4 {[%emt 0:00:00]} c5 {[%emt 0:00:30]} 16. Nd3 {[%emt 0:05:00]} Rc8 {[%emt 0:05:30]} 17. O-O {[%emt 0:08:30]} Nh7 {[%emt 0:04:30] [#]} (17... b6 {keeps fighting.} 18. Bf4 Bd4+ 19. Kh1 e5) 18. e5 $1 {[%emt 0:06:30]} Bxe5 {[%emt 0:03:30]} 19. Nxe5 {[%emt 0:01:30]} Qxe5 {[%emt 0:00:30]} 20. Rfe1 {[%emt 0:01:30]} Qf5 {[%emt 0:01:30] [#]} 21. Bxc5 $1 {[%emt 0:01:07]} O-O {[%emt 0:03:53]} 22. Bxe7 {[%emt 0:00:30]} Rfe8 {[%emt 0:00:13]} 23. c5 {[%emt 0:02:16]} Nf6 {[%emt 0:05:13]} 24. Ne4 $2 {[%emt 0:06:29]} ({Better is} 24. Qd4 $18 Rxe7 25. Rxe7) 24... Rxe7 {[%emt 0:04:00]} 25. Nd6 {[%emt 0:00:34]} Qxd5 {[%emt 0:00:15]} 26. Qxd5 {[%emt 0:00:39]} Nxd5 {[%emt 0:00:16]} 27. Nxc8 {[%emt 0:01:08]} Bxc8 {[%emt 0:00:02]} 28. Rxe7 {[%emt 0:00:51]} Nxe7 {[%emt 0:00:03]} 29. Rd1 {[%emt 0:00:08]} Nc6 {[%emt 0:00:25]} 30. a3 {[%emt 0:00:46]} Kf8 {[%emt 0:01:40]} 31. Kf2 {[%emt 0:01:15]} Ke7 {[%emt 0:00:28]} 32. Ke3 {[%emt 0:00:21]} Bd7 {[%emt 0:01:58]} 33. Rb1 {[%emt 0:00:19]} Nd8 {[%emt 0:00:53]} 34. Kd4 {[%emt 0:00:45]} Ne6+ {[%emt 0:01:09]} 35. Kc4 {[%emt 0:00:21]} Bc6 {[%emt 0:00:00]} 36. Rd1 {[%emt 0:02:43]} h4 {[%emt 0:00:45]} 37. Rf1 {[%emt 0:01:04]} Ng5 {[%emt 0:02:30]} 38. f4 {[%emt 0:01:52]} Ne4 {[%emt 0:00:55]} 39. Kd4 {[%emt 0:01:08]} f5 {[%emt 0:00:40]} 40. Rg1 {[%emt 0:00:00]} Kf6 {[%emt 0:02:42]} 41. g4 {[%emt 0:08:14]} Nd2 $19 {[%emt 0:05:30]} 42. g5+ {[%emt 0:01:30]} Kf7 {[%emt 0:00:30]} 43. Ke3 {[%emt 0:00:30]} Nc4+ {[%emt 0:00:30]} 44. Kd4 {[%emt 0:03:30]} Nxa3 {[%emt 0:00:30]} 45. Ke5 {[%emt 0:00:00]} Nc4+ {[%emt 0:00:30]} 46. Kd4 {[%emt 0:00:00]} Nd2 {[%emt 0:00:00]} 47. Kc3 {[%emt 0:00:30]} Ne4+ {[%emt 0:01:00]} 48. Kb4 {[%emt 0:00:30]} Nf2 {[%emt 0:00:30]} 49. Ra1 {[%emt 0:00:00]} Nd3+ {[%emt 0:03:30]} 50. Kc4 {[%emt 0:01:00]} Nxf4 {[%emt 0:00:00]} 51. Rxa7 {[%emt 0:00:30]} Ne6 {[%emt 0:01:00]} 52. Kb4 {[%emt 0:00:30]} Nxg5 {[%emt 0:00:00]} 0-1

[Event "Turkey IS Bank Super League 2017"]
[Site "Darica-Kocaeli"]
[Date "2017.08.05"]
[Round "12"]
[White "Yurdakul, Didem Nuray"]
[Black "Kose, Ulya"]
[Result "1-0"]
[WhiteElo "1697"]
[BlackElo "1591"]
[Annotator "NA"]
[PlyCount "75"]
[EventType "team-tourn"]
[EventCountry "TUR"]
[SourceTitle "playchess.com"]
[Source "ChessBase"]
[SourceQuality "1"]
[TimeControl "40/5400+30:1800+30"]

1. e4 {[%emt 0:00:30]} e5 {[%emt 0:02:00]} 2. Nf3 {[%emt 0:00:30]} Nc6 {[%emt 0:00:30]} 3. d4 {[%emt 0:00:30]} exd4 {[%emt 0:00:00]} 4. Bc4 {[%emt 0:00:00]} Nf6 {[%emt 0:00:00]} 5. e5 {[%emt 0:01:00]} d5 {[%emt 0:00:30]} 6. Bb5 {[%emt 0:00:30]} Ne4 {[%emt 0:00:00]} 7. Nxd4 {[%emt 0:00:00]} Bd7 {[%emt 0:01:00]} 8. Bxc6 {[%emt 0:01:00]} bxc6 {[%emt 0:00:00]} 9. O-O {[%emt 0:00:30]} Bc5 {[%emt 0:02:00]} 10. f3 {[%emt 0:00:30]} Ng5 {[%emt 0:00:30]} 11. f4 {[%emt 0:00:30]} Ne4 {[%emt 0:00:00]} 12. Be3 {[%emt 0:00:30]} Bb6 {[%emt 0:00:00]} 13. Nd2 {[%emt 0:07:30]} Nxd2 {[%emt 0:01:30]} 14. Qxd2 {[%emt 0:00:00]} c5 {[%emt 0:00:30]} 15. Nf3 {[%emt 0:02:00]} d4 {[%emt 0:02:30]} 16. Bf2 {[%emt 0:00:30]} Bc6 {[%emt 0:00:30]} 17. Bh4 {[%emt 0:00:30]} Qd7 {[%emt 0:01:30]} 18. b3 {[%emt 0:19:30]} Qg4 {[%emt 0:17:30]} 19. h3 {[%emt 0:02:30]} Qg6 {[%emt 0:06:30]} 20. Rad1 {[%emt 0:11:30]} f6 {[%emt 0:12:30] [%clk 0:51]} 21. a4 {[%emt 0:16:30]} a5 {[%emt 0:02:30]} 22. Rde1 {[%emt 0:09:30]} O-O-O {[%emt 0:10:30]} 23. exf6 {[%emt 0:05:30]} gxf6 {[%emt 0:03:30]} 24. Re6 {[%emt 0:00:33]} Rd6 {[%emt 0:09:30]} 25. Qe2 {[%emt 0:05:52]} d3 {[%emt 0:07:30]} 26. cxd3 {[%emt 0:01:34]} c4+ {[%emt 0:02:08]} 27. d4 {[%emt 0:01:35]} Bxf3 {[%emt 0:01:34]} 28. Rxf3 {[%emt 0:00:19]} Bxd4+ {[%emt 0:04:22]} 29. Kh2 {[%emt 0:00:39]} c3 {[%emt 0:02:38]} 30. Rxd6 {[%emt 0:01:49]} cxd6 {[%emt 0:00:12]} 31. Qc4+ {[%emt 0:00:00]} Bc5 {[%emt 0:01:15]} 32. Rxc3 {[%emt 0:00:10]} Kd8 {[%emt 0:05:17]} 33. Rg3 {[%emt 0:01:16]} Qb1 {[%emt 0:02:34]} 34. Bxf6+ {[%emt 0:01:10]} Kc8 {[%emt 0:00:15]} 35. Bd4 {[%emt 0:04:19]} Kd7 {[%emt 0:02:34]} 36. Rg7+ {[%emt 0:00:38]} Kc6 {[%emt 0:00:30]} 37. Bxc5 {[%emt 0:00:30]} dxc5 {[%emt 0:00:30]} 38. Qe6# {[%emt 0:00:55]} 1-0